| 000 | 00640cam a2200229 4500 | ||
|---|---|---|---|
| 001 | 4321 | ||
| 005 | 20181127173150.0 | ||
| 007 | ta | ||
| 008 | 140623t20142014ii 000 1 eng d | ||
| 010 | _a 2014356136 | ||
| 020 | _a8172345127 (pbk.) | ||
| 020 | _a9788172345129 (pbk.) | ||
| 100 | 1 |
_aIyer, Madhuri. _e |
|
| 245 | 1 | 0 |
_aManhattan mango / _cMadhuri Iyer. |
| 264 | 1 |
_aNew Delhi : _bFingerprint!, _c[2014] |
|
| 300 |
_a274 pages, 6 unnumbered pages ; _c20 cm |
||
| 336 |
_atext _btxt _2rdacontent |
||
| 337 |
_aunmediated _bn _2rdamedia |
||
| 338 |
_avolume _bnc _2rdacarrier |
||
| 500 | _aNovel. | ||
| 530 | _aAlso available as an e-book. | ||
| 999 |
_c3569 _d3569 |
||